ISCA´07 The 34 th Annual International Symposium on Computer Architecture Conference Proceedings

Guardado en:
Detalles Bibliográficos
Formato: Libro
Lenguaje:inglés
Publicado: San Diego, USA June, 2007
Etiquetas: Agregar Etiqueta
Sin Etiquetas, Sea el primero en etiquetar este registro!

MARC

LEADER 00000nam a22000003a 4500
001 0094597
003 SK-STU
005 20220328151345.6
007 ta
008 220328s ----xo-----e------100-0-----d
040 |a STU  |b slo 
041 0 |a eng 
044 |a xxu 
245 1 0 |a ISCA´07 The 34 th Annual International Symposium on Computer Architecture  |b Conference Proceedings 
260 |a San Diego, USA  |c June, 2007 
300 |a 529 s. 
996 |c I*Z6832  |l I  |s A  |a 24  |w 0094597_0001